000
00266nam a2200109Ia 4500
008
200302s9999 xx 000 0 und d
100
_a
Vincent Callebaut
245
_a
Archibiotic
260
_b
Red Baobab Mark Magazine Publication
260
_c
2008
300
_a
383 P.,
999
_c
2583
_d
2583